| 000 | 01160cam a22003257a 4500 | ||
|---|---|---|---|
| 942 | _cBK | ||
| 999 |
_c499 _d499 |
||
| 001 | 14815879 | ||
| 003 | OSt | ||
| 005 | 20250420134813.0 | ||
| 008 | 070420s2007 nyua 000 0 eng d | ||
| 010 | _a 2007296599 | ||
| 020 | _a9780470107096 | ||
| 035 | _a(OCoLC)ocn122258876 | ||
| 035 | _a(OCoLC)122258876 | ||
| 040 |
_aWLD _cKCST |
||
| 042 | _alccopycat | ||
| 050 | 0 | 0 |
_aTK1081 _b.C53 2007 |
| 082 | 0 | 0 |
_a621.312134 _222 _bCl El |
| 100 | 1 |
_aClark, R. H. _q(Robert Harry), _d1921-2007. _94714 |
|
| 245 | 1 | 0 |
_aElements of tidal-electric engineering / _cRobert H. Clark. |
| 260 |
_aNew York : _bWiley-IEEE ; _aChichester : _bJohn Wiley [distributor], _c2007. |
||
| 300 |
_axv, 280 p. : _bill. ; _c24 cm. |
||
| 650 | 0 |
_aWater-power. _94715 |
|
| 650 | 0 |
_aTidal power. _94716 |
|
| 650 | 0 |
_aTidal power-plants. _94717 |
|
| 856 | 4 | 1 |
_3Table of contents only _uhttp://www.loc.gov/catdir/toc/fy0710/2007296599.html |
| 856 | 4 | 2 |
_3Contributor biographical information _uhttp://www.loc.gov/catdir/enhancements/fy0741/2007296599-b.html |
| 856 | 4 | 2 |
_3Publisher description _uhttp://www.loc.gov/catdir/enhancements/fy0741/2007296599-d.html |
| 942 | _2ddc | ||